Production of mouse embryos In Vitro and subsequent potential developmental competence after cryopreservation /
Saved in:
| 主要作者: | |
|---|---|
| 格式: | Thesis 圖書 |
| 語言: | English |
| 出版: |
2007.
|
| 主題: | |
| 標簽: |
添加標簽
沒有標簽, 成為第一個標記此記錄!
|
| LEADER | 01000cam a2200265 a 4500 | ||
|---|---|---|---|
| 001 | u763397 | ||
| 003 | SIRSI | ||
| 005 | 200812111447 | ||
| 008 | 081211s2007 my t 000 0 eng m | ||
| 040 | |a UMM | ||
| 090 | |a QH302 |b UM 2007 Awi | ||
| 100 | 1 | |a Awiti, AbdulFattah Salem E. | |
| 245 | 1 | 0 | |a Production of mouse embryos In Vitro and subsequent potential developmental competence after cryopreservation / |c Abdulfattah Salem E. Awiti. |
| 260 | |c 2007. | ||
| 300 | |a ix, 83 leaves : |b ill. ; |c 30 cm. | ||
| 502 | |a Dissertation (M.Sc.) -- Institut Sains Biologi, Fakulti Sains, Universiti Malaya, 2008. | ||
| 504 | |a Bibliography: leaves 78-83. | ||
| 650 | 0 | |a Cryopreservation of organs, tissues, etc. | |
| 650 | 0 | |a Cultures (Biology) |x Cryopreservation. | |
| 650 | 0 | |a Mice. | |
| 650 | 0 | |a Tissues. | |
| 710 | 2 | 0 | |a Universiti Malaya. |b Institut Sains Biologi. |
| 900 | |a HA-ZA | ||
| 596 | |a 1 | ||
| 999 | |a QH302 UM 2007 AWI |w LC |c 1 |i A513283502 |d 28/1/2010 |f 28/1/2010 |g 1 |l STACKS |m P01UTAMA |r Y |s Y |t TESIS |u 26/1/2010 | ||
